Normal view
MARC view
- Introducation to Probability Models
Entry Topical Term
001 - CONTROL NUMBER
- control field: 113956
003 - CONTROL NUMBER IDENTIFIER
- control field: NUST
005 - DATE AND TIME OF LATEST TRANSACTION
- control field: 20230804114139.0
008 - FIXED-LENGTH DATA ELEMENTS
- fixed length control field: 230804|| aca||aabn | a|a d
040 ## - CATALOGING SOURCE
- Original cataloging agency: NUST
- Transcribing agency: NUST
150 ## - HEADING--TOPICAL TERM
- Topical term or geographic name entry element: Introducation to Probability Models
670 ## - SOURCE DATA FOUND
- Source citation: Work cat.: (NUST): Ross, Sheldon M 78, Introducation to Probability Models, 2003.
